music trivia: what kind of guitar do/did these guitarists play? - Statistics

General Stats
  • This quiz has been taken 172 times
    166 since last reset
  • The average score is 7 of 14
Answer Stats
guitarists guitars they use % Correct
Eric Clapton, John Frusciante, Jimi Hendrix, Mark Knopfler Fender Stratocaster
94%
Derek Trucks, Frank Zappa, Rosetta Tharp, Angus Young Gibson
90%
Billie Joe Armstrong, Duane Allman, Buckethead, Ace Frehley, Slash Gibson Les Paul
78%
Chrissie Hynde, Bill Frisell, David Gilmour, Albert Lee Fender Telecaster
66%
Joe Satriani, Steve Vai, Paul Stanley, Steve Miller Ibanez
65%
Eddie Cochran, Brian Setzer, Duane Eddy, Chet Atkins Gretsch
54%
Carlos Santana, John Mayer, Dave Navarro, Orianthi Paul Reed Smith
52%
Willie Nelson, Ed Sheeran, Colbie Caillat, Dierks Bentley (Singers Dino and Ricky, or Apple's Dad Chris) Martin
45%
Taylor Swift, Jason Mraz, Dave Matthews, Jewel (hint; singers Momsen, Dayne and Sweet Baby James) Taylor
41%
Peter Buck, Susanna Hoffs, Roger McGuinn, John Kay Rickenbacker
31%
Larry Coryell, Kaki King, Al Di Meola, Shania Twain (and another name for the appreciative hand-clapping after a performance) Ovation
23%
Lita Ford, Mick Mars, Joe Perry, Kerry King B.C. Rich
22%
Toby Keith, Jon Bon Jovi, India Arie, Bruno Mars (You take yours and I'll....) Takemine
22%
Nuno Bettencourt, Warren Haynes, Dimebag Darrell, Avril Lavigne (the name is half right, in that you should clean it, but not set it on fire) Washburn
22%
No matching quizzes found
Score Distribution
Percent of People with Each Score
Percentile by Number Answered
Your Score History
You have not taken this quiz since the last reset